| 000 | 00633nam a2200193Ia 4500 | ||
|---|---|---|---|
| 003 | GCL | ||
| 008 | 140319s9999 xx 000 0 ara d | ||
| 040 |
_aGCL / _cGCL |
||
| 082 | 0 | 4 |
_a350.72 _bع م |
| 100 | 1 | _aعباس البحيرى | |
| 245 | 1 | 0 |
_aالموسوعة المالية فى نظام موظفى الدولة المصرية / _cعباس البحيرى |
| 300 | _a564 ص | ||
| 490 |
_aالهيئة العامة للاستعلامات _v0 |
||
| 650 | 0 | 4 | _aالادارة المالية |
| 650 | 0 | 4 | _aالقانون الادارى |
| 650 | 0 | 4 | _aالموظفون |
| 650 | 0 | 4 | _aادارة الافراد |
| 942 |
_2ddc _cBK |
||
| 999 |
_c49731 _d49731 |
||